000 00512cam a22001931 4500
001 af 48004566
003 DLC
005 20260227110909.0
008 890516s1943 gw 000 0 ger c
010 _aaf 48004566
035 _a(OCoLC)19715662
040 _aYale Univ. Library
_cCU
_dDLC
042 _apremarc
050 0 0 _aPT2631.A83
_bV4
100 1 _aPaulsen, Rudolf,
_d1883-1966.
245 1 0 _aVergangenheit und Ahnung;
_bGedichte.
260 _aQuerfurt,
_bR.K. Jaeckel
_c[1943]
300 _a85 p.
_c21 cm.
999 _c6115
_d6115